000 00925nam a2200253 a 4500
001 BRCA_6599
005 20190320205524.0
008 081010c1964----ag-af#####---#000-0#spa-#
041 _aspa
044 _aag
050 4 _aND553
_b.P56 44 1964
245 1 0 _aPisanello
_cmonografía por Ana Zanoli ; traducción por Jesús López Pacheco ; el juicio del siglo XX, por Ernesto B. Rodríguez.
260 _aArgentina
_bCodex
_c[1964]
300 _a1 v. (sin paginación)
_bil., 16 láminas a color
_c36 cm.
440 0 _aPinacoteca de los genios : la más grandiosa colección de arte del mundo
_v44
_916484
500 _aIncluye índice de ilustraciones
500 _aDonación Dra. Elsa Barberena
600 1 4 _aPisano, Antonio
_d1395-1455
_qPisanello
_916485
700 1 _aZanoli, Ana
_916486
700 1 _aRodríguez, Ernesto B.
_912094
700 1 _aLópez Pacheco, Jesús
_etr.
_916487
902 _aDEB
942 _2lcc
_cB
999 _c6283
_d6283